000288374 001__ 288374
000288374 005__ 20230131174428.0
000288374 0247_ $$aG:(GEPRIS)260442193$$d260442193
000288374 035__ $$aG:(GEPRIS)260442193
000288374 040__ $$aGEPRIS$$chttp://gepris.its.kfa-juelich.de
000288374 150__ $$aMechanismen der Spezifikation und Aufrechterhaltung der Nische – Stammzelleinheit (A11)$$y2014 - 2022
000288374 371__ $$aProfessor Dr. Lazaro Centanin, Ph.D.
000288374 450__ $$aSFB 873 A11$$wd$$y2014 - 2022
000288374 5101_ $$0I:(DE-588b)2007744-0$$aDeutsche Forschungsgemeinschaft$$bDFG
000288374 550__ $$0G:(GEPRIS)122491522$$aSFB 873: Selbsterneuerung und Differenzierung von Stammzellen$$wt
000288374 680__ $$aDie Stammzellnische ist von essentieller Bedeutung für die Aufrechterhaltung des Stammzellschicksals in allen Organismen. Trotz dieser überragenden Bedeutung ist wenig über die Mechanismen bekannt, die zur Ausbildung und Aufrechterhaltung dieser Einheit während der Organbildung nötig sind. In der vergangenen Förderperiode haben wir Neuromasten als neues Minimalmodell zur Untersuchung der Stammzell-Nischeninteraktion etabliert. In der kommenden Förderperiode werden wir nun die dynamische Ausbildung der Neuromastentennische auf molekularer Ebene untersuchen. Hierfür werden wir unsere Expertise in 4D-Mikroskopie und Zellverfolgung mit Einzelzellsequenzierung kombinieren, um molekulare Determinanten der Nischenspezifikation und Aufrechterhaltung zu identifizieren und funktionell zu charakterisieren.
000288374 909CO $$ooai:juser.fz-juelich.de:955117$$pauthority:GRANT$$pauthority
000288374 909CO $$ooai:juser.fz-juelich.de:955117
000288374 980__ $$aG
000288374 980__ $$aAUTHORITY